Football: meilleurs buteurs du championnat de France, palmares / club - Statistiques

Statistiques générales
  • Ce quiz a été pris 240 fois
  • Le résultat moyen est 5 sur 10
Statistiques - réponses
Réponse % Correct
Paris-Saint-Germain
100%
Olympique de Marseille
98%
Olympique Lyonnais
60%
Stade de Reims
48%
FC Nantes
41%
AS Monaco
38%
Lille OSC
37%
Stade Rennais
21%
AJ Auxerre
19%
FC Sochaux-Montbeliard
8%
Aucun quiz correspondant
Distribution des résultats
% des personnes avec chaque résultat
Percentile par nombre de réponses
Votre historique - résultats
Vous n’avez pas pris ce quiz